Villes françaises par satellites #3 - Statistiques

Statistiques générales
  • Ce quiz a été pris 67 fois
  • Le résultat moyen est 12 sur 30
Statistiques - réponses
Par images Réponse % Correct
Lyon
87%
Toulon
76%
Bordeaux
75%
Saint Denis
75%
Sète
73%
Rouen
62%
Avignon
60%
Orléans
60%
Brest
53%
Cayenne
49%
Strasbourg
47%
Ajaccio
45%
Blois
44%
Lorient
38%
Clermont Ferrand
36%
Carcassonne
31%
Amiens
29%
Narbonne
29%
Châlons en Champagne
25%
Dijon
25%
Troyes
25%
Alès
24%
Mulhouse
24%
Belfort
20%
Brive la Gaillarde
20%
Colmar
18%
Niort
13%
Tarbes
13%
Thionville
13%
Cholet
11%
Aucun quiz correspondant
Distribution des résultats
% des personnes avec chaque résultat
Percentile par nombre de réponses
Votre historique - résultats
Vous n’avez pas pris ce quiz